BUBT Library Online Catalog

Spinning. (Record no. 477)

000 -LEADER
fixed length control field 00678nam a22002537a 4500
008 - FIXED-LENGTH DATA ELEMENTS--GENERAL INFORMATION
fixed length control field 130617b xxu||||| |||| 00| 0 eng d
020 ## - INTERNATIONAL STANDARD BOOK NUMBER
International Standard Book Number 1 85573 977 2
024 ## - OTHER STANDARD IDENTIFIER
Terms of availability Available
037 ## - SOURCE OF ACQUISITION
Terms of availability Available
040 ## - CATALOGING SOURCE
Original cataloging agency MBSTU LIBRARY
Modifying agency MBSTU LIBRARY
082 ## - DEWEY DECIMAL CLASSIFICATION NUMBER
Edition number 22
Classification number 746.12 SPI
110 ## - MAIN ENTRY--CORPORATE NAME
Corporate name or jurisdiction name as entry element P.R. Lord.
245 ## - TITLE STATEMENT
Title Spinning.
260 ## - PUBLICATION, DISTRIBUTION, ETC. (IMPRINT)
Place of publication, distribution, etc. Cambridge.
Name of publisher, distributor, etc. Woodhead Publishers Ltd.
Date of publication, distribution, etc. 2004
300 ## - PHYSICAL DESCRIPTION
Extent 22 cm.
Other physical details 288 page.
Type of unit 9
Size of unit 22 cm.
600 ## - SUBJECT ADDED ENTRY--PERSONAL NAME
Source of heading or term Spinning.
650 ## - SUBJECT ADDED ENTRY--TOPICAL TERM
Source of heading or term Spinning.
700 ## - ADDED ENTRY--PERSONAL NAME
Personal name Bahadur , P.
710 ## - ADDED ENTRY--CORPORATE NAME
Corporate name or jurisdiction name as entry element P.R. Lord.
270 ## - ADDRESS
Address Cambridge.
City Cambridge.
Country England.
365 ## - TRADE PRICE
Price amount 836.00
Unit of pricing 836.00
942 ## - ADDED ENTRY ELEMENTS (KOHA)
Source of classification or shelving scheme
Koha item type Books

No items available.

More Information About Library

Library Hours

  • Open: 9.00 am. to 9.00 pm.
  • Only Sunday: 9.00 am. to 6.00 pm.
  • Closed: Holiday

Contact to the University

Bangladesh University of Business and Technology Library

  • Mirpurl-2, 1216.
  • Phone:
  • Fax:
  • E-Mail: admin.library@bubt.edu.bd

Contact to the Library

Contact Person:

Md. Abdul Hakim Shah
Joint Librarian
PABX No:  113
Cell No: 01816332931
E-mail: official: admin.library@bubt.edu.bd
Personal: hakim.shah@bubt.edu.bd


BUBT Library

Copyright © 2021